| 000 | 01234nam0a22002771 4500 | ||
|---|---|---|---|
| 001 | rc\66910 | ||
| 005 | 20260406172012.0 | ||
| 035 | _a(NLR Aleph) 005340844 | ||
| 090 |
_a6691965 _c6691964 |
||
| 100 | _a20021216d1996 |||y0rusy50 ca | ||
| 101 | 0 | _arus | |
| 102 | _aRU | ||
| 105 | _aa ||||||||| | ||
| 200 | 1 |
_aНаучные исследования и разработки в металлургии легких металлов _eСб. науч. тр. _fВсерос. алюминиево-магниевый ин-т - АО ВАМИ _g[Редкол.: Н.А. Калужский (гл. ред.) и др.] |
|
| 210 |
_aСПб. _cВАМИ _d1996 |
||
| 215 |
_a234, [1] с., [3] л. ил. _cил. _d22 |
||
| 300 | _aРез. ст.: англ. | ||
| 300 | _aК 65-летию ВАМИ | ||
| 320 | _aБиблиогр. в конце ст. | ||
| 702 | 1 |
_aКалужский _bН.А. _gНиколай Андреевич _4340 |
|
| 712 | 0 | 2 |
_a"Всероссийский алюминиево-магниевый институт", акционерное общество _cСанкт-Петербург _9373815 _3RU\NLR\AUTH\889939479 |
| 801 | 0 |
_aRU _bNLR _gpsbo |
|
| 801 | 1 |
_aRU _bELAR _2rusmarc |
|
| 852 |
_aNLR _j97-5/1232 |
||
| 942 | _cBOOK | ||
| 980 | _aNB | ||